15 prénoms de fille les plus donnés au Québec - Statistiques

Statistiques générales
  • Ce quiz a été pris 220 fois
  • Le résultat moyen est 5 sur 15
Statistiques - réponses
Place Nom % Correct
2 Emma
67%
6 Léa
62%
12 Chloé
39%
3 Alice
38%
1 Olivia
36%
13 Rose
36%
5 Charlotte
32%
4 Charlie
27%
15 Zoé
27%
7 Florence
26%
9 Rosalie
26%
11 Clara
23%
8 Livia
18%
10 Béatrice
17%
14 Victoria
15%
Aucun quiz correspondant
Distribution des résultats
% des personnes avec chaque résultat
Percentile par nombre de réponses
Votre historique - résultats
Vous n’avez pas pris ce quiz